| 000 | 00511nam a22001937a 4500 | ||
|---|---|---|---|
| 003 | NUST | ||
| 005 | 20230224154829.0 | ||
| 008 | 190717b ||||| |||| 00| 0 eng d | ||
| 020 | _qHardcover. | ||
| 038 | _aMr. Zahoor | ||
| 082 | _a658.4 | ||
| 100 |
_aAslam, Muhammad Umair _917690 |
||
| 245 |
_aBitcube _cMuhammad Umair Aslam |
||
| 260 |
_aIslamabad : _bNBS - NUST, _c2016. |
||
| 300 |
_a33p. : ill. ; _c30cm. |
||
| 650 |
_aHRM - EMBA Thesis _917852 |
||
| 700 |
_aMr. Faqir Taj _917853 |
||
| 942 |
_2ddc _cTHE |
||
| 999 |
_c526856 _d526856 |
||